Vista normal Vista MARC

Entrada Meeting Name

Número de registros utilizados en: 1

001 - CONTROL NUMBER

  • control field: 38530

003 - CONTROL NUMBER IDENTIFIER

  • control field: OSt

005 - DATE AND TIME OF LATEST TRANSACTION

  • control field: 20210716140306.0

008 - FIXED-LENGTH DATA ELEMENTS

  • fixed length control field: 210716|| aca||aabn | a|a d

040 ## - CATALOGING SOURCE

  • Original cataloging agency: OSt
  • Transcribing agency: OSt

111 ## - HEADING--MEETING NAME

  • Meeting name or jurisdiction name as entry element: Memoria de la XII Convención Bancaria Nacional y V de Instituciones financieras
  • Date of meeting or treaty signing: (1974 :
  • Location of meeting: Medellín, Colombia)

670 ## - SOURCE DATA FOUND

  • Source citation: Work cat.: (OSt)11955: Memoria de la XII Convención Bancaria Nacional y V de Instituciones financieras (1974 : Medellín, Colombia), El sistema financiero ante la inflación y la emergencia económica /, 1974.